|
|
|
|
| LEADER |
02544nam a2200397 a 4500 |
| 001 |
EBC697730 |
| 003 |
MiAaPQ |
| 005 |
20200520144314.0 |
| 006 |
m o d | |
| 007 |
cr cn||||||||| |
| 008 |
110616s2011 cau s 001 0 eng d |
| 010 |
|
|
|z 2011025737
|
| 020 |
|
|
|z 9781118049594 (hardback)
|
| 020 |
|
|
|z 9781118123386 (e-book)
|
| 035 |
|
|
|a (MiAaPQ)EBC697730
|
| 035 |
|
|
|a (Au-PeEL)EBL697730
|
| 035 |
|
|
|a (CaPaEBR)ebr10513752
|
| 035 |
|
|
|a (CaONFJC)MIL327008
|
| 035 |
|
|
|a (OCoLC)766417239
|
| 040 |
|
|
|a MiAaPQ
|c MiAaPQ
|d MiAaPQ
|
| 050 |
|
4 |
|a HM1261
|b .F54 2011
|
| 082 |
0 |
4 |
|a 303.3/4
|2 23
|
| 100 |
1 |
|
|a Figliuolo, Mike,
|d 1970-
|
| 245 |
1 |
0 |
|a One piece of paper
|h [electronic resource] :
|b the simple approach to powerful, personal leadership /
|c Mike Figliuolo.
|
| 250 |
|
|
|a 1st ed.
|
| 260 |
|
|
|a San Francisco :
|b Jossey-Bass,
|c 2011.
|
| 300 |
|
|
|a x, 238 p.
|
| 500 |
|
|
|a Includes index.
|
| 505 |
0 |
|
|a pt. 1. The leadership maxims approach -- pt. 2. Leading yourself -- pt. 3. Leading the thinking -- pt. 4. Leading your people -- pt. 5. Leading a balanced life -- pt. 6. Making it real.
|
| 520 |
|
|
|a "A robust, authentic model for creating and clearly articulating a personal leadership philosophyBased on leadership expert Mike Figliuolo's popular "Leadership Maxims" training course, One Piece of Paper teaches decisive, effective leadership by taking a holistic approach to defining one's personal leadership philosophy. Through a series of simple questions, readers will create a living document that communicates their values, passions, goals and standards to others, maximizing their leadership potential. Outlines a clear approach for identifying a concise and meaningful set of personal leadership maxims by which leaders can live their lives Explains and applies four basic aspects of leadership: leading yourself, leading the thinking, leading your people, and leading a balanced life Generates a foundational document that serves as a touchstone for leaders and their teams Simple, applicable, and without pretense, One Piece of Paper provides a model for real leadership in the real world"--
|c Provided by publisher.
|
| 533 |
|
|
|a Electronic reproduction. Ann Arbor, MI : ProQuest, 2015. Available via World Wide Web. Access may be limited to ProQuest affiliated libraries.
|
| 650 |
|
0 |
|a Leadership.
|
| 650 |
|
0 |
|a Leadership
|x Philosophy.
|
| 655 |
|
4 |
|a Electronic books.
|
| 710 |
2 |
|
|a ProQuest (Firm)
|
| 856 |
4 |
0 |
|u https://ebookcentral.proquest.com/lib/matrademy/detail.action?docID=697730
|z Click to View
|